000 00662nam a2200217Ii 4500
001 2960
003 CO-ViMGA
008 241108s9999||||xx |||||||||||||| ||und||
020 _a8427012136
040 _aCO-ViMGA
_bspa
_erda
_cCO-ViMGA
041 0 _aspa
082 0 4 _a153.9 Y47s
100 1 _aRoger B. Yepsen
_951833
245 1 0 _aSupermente:
_bCómo desarrollar al máximo la inteligencia, la memoria y la creatividad
264 1 _aBogotá, Colombia : Presencia, 1988
300 _avolumen
336 _atext
_btxt
_2rdacontent
337 _aunmediated
_bn
_2rdamedia
338 _avolume
_bnc
_2rdacarrier
940 _aidficha_siabuc: 2895. -- ficha_no_siabuc:2960
999 _c46592
_d46592